000 00541nam a22001697a 4500
999 _c12248
_d12248
008 190118b ||||| |||| 00| 0 eng d
020 _a971-542-291-8
082 _22001
_aDFil 899.211
_bP53
245 _aThe Legend of mount Mayong (Bikol) /
_cDamiana L. Eugenio (Compiler and Editor)
260 _aQuezon City:
_bUP Press,
_c2001
300 _aPages 179-180;
_c23 cm.
500 _aPhilippine Folk Literature
650 _aMythology
_934645
650 _aLegends
_934646
650 _aPhilippine Folk Literature
_913722
942 _2ddc
_cDFIL